Music Quiz

Random Music or Song Quiz

200 Greatest Rock Artists of the 1980's Quiz Stats

 Plays Quiz not verified by Sporcle

Score 0/200 Timer 20:00
2 Plays Today
Song Artist % Correct
Billie JeanMichael Jackson
99.3%
Purple RainPrince
98.4%
Born in the U.S.A.Bruce Springsteen
97.8%
Like a VirginMadonna
97.7%
Every Breath You TakeThe Police
97.2%
Sweet Child O' MineGuns N' Roses
96.3%
Livin' On a PrayerBon Jovi
96%
JumpVan Halen
95.8%
With or Without YouU2
95.2%
Another One Bites the DustQueen
95.1%
Careless WhisperGeorge Michael/Wham
94.6%
In the Air TonightPhil Collins
94.3%
Back in BlackAC/DC
94.3%
When I Think of YouJanet Jackson
93.9%
Another Brick in the Wall, Pt. 2Pink Floyd
93.7%
Don't Stop Believin'Journey
93.1%
AfricaToto
92.9%
We Didn't Start the FireBilly Joel
92.4%
Hungry Like the WolfDuran Duran
92.3%
Summer of '69Bryan Adams
91.1%
Pour Some Sugar On MeDef Leppard
91%
Walk Like An EgyptianThe Bangles
90.8%
I Love Rock n' RollJoan Jett
90.5%
Karma ChameleonCulture Club
90.5%
She Sells SanctuaryThe Cult
90.4%
Money for NothingDire Straits
89.8%
Time After TimeCyndi Lauper
89.5%
Let's DanceDavid Bowie
89.2%
Take On MeA-Ha
89.2%
Rock the CasbahThe Clash
88.8%
What's Love Got to Do With ItTina Turner
88.7%
Start Me UpThe Rolling Stones
87.8%
HelloLionel Richie
87.8%
Sweet DreamsEurythmics
87.8%
Janie's Got a GunAerosmith
87.2%
Love ShackB-52's
87.2%
Every Rose Has Its ThornPoison
87.2%
Call MeBlondie
87%
Down UnderMen at Work
86.9%
How Will I KnowWhitney Houston
86.2%
Invisible TouchGenesis
86%
Master of PuppetsMetallica
85.9%
I Just Called To Say I Love YouStevie Wonder
85.6%
Here I Go AgainWhitesnake
85.5%
Sexual HealingMarvin Gaye
85.5%
It's the End of the World as We Know It (And I Feel Fine)R.E.M.
85.4%
FootlooseKenny Loggins
85.1%
I Want to Know What Love IsForeigner
84.9%
Fight for Your RightBeastie Boys
84.7%
I Guess That's Why They Call It the BluesElton John
84.7%
ManeaterHall & Oates
84.3%
SledgehammerPeter Gabriel
84.2%
We Built This CityStarship
84.1%
Everybody Wants to Rule the WorldTears for Fears
84%
The Final CountdownEurope
84%
Say Say Say (with Michael Jackson)Paul McCartney
83.6%
Sharp Dressed ManZZ Top
82.8%
Jack and DianeJohn Mellencamp
82.5%
Hit Me With Your Best ShotPat Benatar
82.1%
You Can Call Me AlPaul Simon
81.4%
Mr. RobotoStyx
80.6%
Girls, Girls, GirlsMotley Crue
80.5%
The Power of LoveHuey Lewis and the News
80.4%
Crazy TrainOzzy Osbourne
80.3%
Owner of a Lonely HertYes
80.3%
Tom SawyerRush
79.5%
West End GirlsPet Shop Boys
79%
Song Artist % Correct
Red Red WineUB 40
78.7%
Jessie's GirlRick Springfield
78.7%
Need You TonightINXS
78%
Don't You (Forget About Me)Simple Minds
78%
Dancing With MyselfBilly Idol
77.9%
We're Not Gonna Take ItTwisted Sister
77.3%
CelebrationKool and the Gang
76.9%
Fast CarTracy Chapman
76.8%
Rock You Like a HurricaneScorpions
76.5%
Straight Outta ComptonN.W.A.
76.4%
Addicted to LoveRobert Palmer
76.2%
Keep On Loving YouREO Speedwagon
75.7%
Super FreakRick James
75.7%
Burning Down the HouseTalking Heads
74.8%
We Got the BeatThe Go-Go's
74.7%
I Won't Back DownTom Petty & the Heartbreakers
74.7%
My PrerogativeBobby Brown
74.4%
Push ItSalt-N-Pepa
73.8%
Take My Breath AwayBerlin
73.6%
Straight UpPaula Abdul
73.6%
Don't You Want MeThe Human League
73.2%
RelaxFrankie Goes to Hollywood
73.1%
Smooth OperatorSade
72.8%
DriveThe Cars
72.7%
Caribbean QueenBilly Ocean
72.6%
Brass in PocketThe Pretenders
72.4%
AloneHeart
72.1%
AmandaBoston
71.7%
I Think We're Alone NowTiffany
71.7%
Flashdance...What a FeelingIrene Cara
71.6%
Little LiesFleetwood Mac
71.2%
Cum On Feel the NoizeQuiet Riot
71%
It's TrickyRun-D.M.C.
70.7%
Rock Me AmadeusFalco
70.4%
That's EntertainmentThe Jam
69.9%
Stray Cat StrutStray Cats
69.6%
I'm So ExcitedThe Pointer Sisters
69%
Fight the PowerPublic Enemy
68.9%
Cruel SummerBananarama
68.7%
Run to the HillsIron Maiden
68.6%
Breakin' the LawJudas Priest
68.2%
I Ran (So Far Away)A Flock of Seagulls
68%
Higher LoveSteve Winwood
67%
Forever YoungRod Stewart
66.3%
Starting OverJohn Lennon
66.2%
Just Like HeavenThe Cure
65.9%
Heat of the MomentAsia
65.5%
She Drives Me CrazyFine Young Cannibals
64.4%
Edge of SeventeenStevie Nicks
64.3%
Our HouseMadness
63.1%
Lick It UpKISS
61.4%
Broken WingsMr. Mister
61.2%
Dirty LaundryDon Henley
61.1%
Round and RoundRATT
60.8%
CongaGloria Estefan & Miami Sound Machine
60.5%
Holy DiverDio
59.9%
Every Time You Go AwayPaul Young
59.7%
Against the WindBob Seger
59.3%
Englishman in New YorkSting
58.8%
Goody Two ShoesAdam Ant
57.8%
Right Here WaitingRichard Marx
57.6%
Look AwayChicago
57.1%
Electric AvenueEddy Grant
56.8%
18 and LifeSkid Row
55.8%
Funky Cold MadinaTone-Loc
55.6%
Bad to the BoneGeorge Thorogood
55.4%
How Soon Is NowThe Smiths
53.7%
Song Artist % Correct
Hold Me NowThompson Twins
53.7%
California GirlsDavid Lee Roth
53.5%
TrueSpandau Ballet
53.2%
If You Don't Know Me by NowSimply Red
52.5%
Parents Just Don't UnderstandDJ Jazzy Jeff & The Fresh Prince
52.3%
Morning TrainSheena Easton
52.3%
Working For the WeekendLoverboy
52%
Take Me Home TonightEddie Money
51.9%
Sunglasses at NightCorey Hart
51.8%
Foolish BeatDebbie Gibson
50.9%
Making Love Out of Nothing at AllAir Supply
50.9%
Blue MondayNew Order
50.8%
Heaven and HellBlack Sabbath
49.9%
Girl I'm Gonna Miss YouMilli Vanilli
47.3%
The Lady in RedChris De Burgh
47.2%
Blister in the SunViolent Femmes
46.1%
I Knew You Were WaitingAretha Franklin
46%
The MessageGrandmaster Flash & The Furious Five
45.4%
The Way It IsBruce Hornsby &the Range
44.1%
Higher GroundRed Hot Chili Peppers
42.8%
Things Can Only Get BetterHoward Jones
42.1%
The StrokeBilly Squier
41.5%
Let My Love Open the DoorPete Townshend
41.4%
Raining BloodSlayer
41.3%
Pride and JoyStevie Ray Vaughan & Double Trouble
41.2%
Eye in the SkyAlan Parsons Project
40.5%
Poison ArrowABC
40.4%
Let's GrooveEarth Wind & Fire
40.4%
Never Let Me Down AgainDepeche Mode
40.3%
Forever ManEric Clapton
38.3%
Southern CrossCrosby Stills Nash (& Young)
38.3%
Holiday in CambodiaDead Kennedys
37.7%
TemptedSqueeze
36.6%
Self ControlLaura Branigan
36.2%
I Need LoveL.L. Cool J
35.8%
Nobody's FoolCinderella
35.7%
Where Is My Mind?Pixies
34.8%
On My OwnPatti LaBelle
34.3%
The ShowDoug E. Fresh
33.1%
Balls to the WallAccept
31.9%
Me Myself and IDe La Soul
31.3%
Sign Your NameTerence Trent D'arby
30.1%
Teen Age RiotSonic Youth
29.5%
Saved by ZeroThe Fixx
28%
You Got ItNew Kids on the Block
27.3%
Enola GayOrchestral Manoeuvres in the Dark
27.2%
Sweet LoveAnita Baker
25.6%
I Wanna Be AdoredThe Stone Roses
23.8%
Can You Stand the RainNew Edition
23.2%
Downtown TrainTom Waits
23%
Alex ChiltonThe Replacements
22.4%
Alone AgainDokken
22.4%
Thing Called LoveBonnie Raitt
22.3%
I Want YouElvis Costello
22%
Lessons in LoveLevel 42
21.6%
Never Too MuchLuther Vandross
21.4%
You're the VoiceJohn Farnham
19.9%
Just Like HoneyThe Jesus and Mary Chain
19.3%
Zulu Nation ThrowdownAfrika Bambaataa
19.3%
I Go to WorkKool Moe Dee
19.1%
Rise AboveBlack Flag
18.5%
I Ain't No JokeEric B. & Rakim
17.9%
Moonlight ShadowMike Oldfield
17.6%
Like the Weather10,000 Maniacs
15.7%
Celebrated SummerHüsker Dü
13.6%
My PhilosophyBoogie Down Productions
11.6%

You're not logged in!

Compare scores with friends on all Sporcle quizzes.
OR
Log In

Sporcle TV

Today on Sporcle TV


Watch our educational content, quiz creation guides, and fun videos on Sporcle TV.

Show Comments

Extras

Top Quizzes Today


Score Distribution

Your Account Isn't Verified!

In order to create a playlist on Sporcle, you need to verify the email address you used during registration. Go to your Sporcle Settings to finish the process.

Report this User

Report this user for behavior that violates our Community Guidelines.

Details: